The impact of temporary trading suspensions on stock prices in the Kuala Lumpur Stock Exchange /
Saved in:
| Main Author: | |
|---|---|
| Format: | Thesis Book |
| Language: | English |
| Published: |
1988.
|
| Subjects: | |
| Tags: |
Add Tag
No Tags, Be the first to tag this record!
|
| LEADER | 01175cam a2200313 a 4500 | ||
|---|---|---|---|
| 001 | u85170 | ||
| 003 | SIRSI | ||
| 008 | 900301s1988 my mt q00 1 eng | ||
| 015 | |a X890082463 | ||
| 035 | |a AAJ-2595 | ||
| 040 | |a UMM |d UME | ||
| 043 | |a a-my--- | ||
| 090 | |a HG5750.6 |b A3Kho | ||
| 091 | |a Microfilm 2424 | ||
| 099 | |a HF1008 |b UM 1988 Kho | ||
| 100 | 1 | 0 | |a Khoo, Ewe Phung. |
| 245 | 1 | 4 | |a The impact of temporary trading suspensions on stock prices in the Kuala Lumpur Stock Exchange / |c Khoo Ewe Phung. |
| 260 | |c 1988. | ||
| 300 | |a xv, 147 leaves ; |c 30cm. | ||
| 500 | |a Also available on microfilm. Kuala Lumpur : Perpustakaan Universiti Malaya, 1996. 1 reel : negative ; 35 mm. | ||
| 500 | |a Refer Microfilm 2420 | ||
| 502 | |a Dissertation (M.B.A.) - Fakulti Ekonomi dan Pentadbiran, Universiti Malaya, 1989 | ||
| 504 | 0 | 0 | |a Bibliography: leaves 142-147 |
| 610 | 2 | 0 | |a Bursa Saham Kuala Lumpur. |
| 650 | 0 | |a Stocks |x Prices |z Malaysia. | |
| 710 | 2 | 0 | |a Universiti Malaya. |b Fakulti Ekonomi dan Pentadbiran. |
| 948 | |a 17/03/1991 |b 26/07/2002 | ||
| 596 | |a 1 | ||
| 999 | |a HG5750.6 A3KHO |w LC |c 1 |i A010685897 |d 24/11/2010 |e 24/11/2010 |l STACKS |m P01UTAMA |n 8 |r Y |s Y |t TESIS |u 21/10/1991 | ||
